Wird geladen...
Gaveshana Prabandhangal
| 1. Verfasser: | |
|---|---|
| Format: | Printed Book |
| Sprache: | Malayalam |
| Veröffentlicht: |
Kottayam
Kottayam
79
|
| LEADER | 00417nam a2200121Ia 4500 | ||
|---|---|---|---|
| 008 | 111205s9999 xx 000 0 mal d | ||
| 100 | |a Unnithiri ,N.V.P | ||
| 245 | |a Gaveshana Prabandhangal |c Unnithiri ,N.V.P | ||
| 260 | |b Kottayam |a Kottayam |c 79 | ||
| 300 | |a 96 | ||
| 942 | |c BK | ||
| 999 | |c 211998 |d 211998 | ||
| 952 | |0 0 |1 0 |4 0 |6 S_3R3 |7 0 |9 234461 |a MAL |b MAL |c SEC |d 1972-10-13 |g 6.00 |j 127 |l 0 |o S3R3 |p MAL15762 |r 2015-04-13 |v 6.00 |w 2015-04-13 |y BK |k 1.00 | ||